| 000 | 00815nam a2200241 a 4500 | ||
|---|---|---|---|
| 001 | 896 | ||
| 003 | BR-CuiBMT | ||
| 005 | 20231122204431.0 | ||
| 008 | 231122s2016 spb 000 0 por d | ||
| 020 | _a9788547204037 | ||
| 040 |
_aBR-CuiBMT _cBR-CuiBMT |
||
| 080 |
_22007 _a351.94:336.148 |
||
| 090 |
_a351.94:336.148 _bF814c _c4. ed. |
||
| 100 | 1 | _aFrança, Phillip Gil | |
| 245 | 1 | 0 |
_aControle da administração pública : _bcombate à corrupção, discricionariedade administrativa e regulação econômica / _cPhillip Gil França. |
| 250 | _a4. ed. rev., atual e ampl. | ||
| 260 |
_aSão Paulo : _bSaraiva, _c2016. |
||
| 300 |
_a334 p. ; _c21 cm |
||
| 504 | _aInclui bibliografia. | ||
| 650 | _aAdministração pública | ||
| 650 |
_aAgências reguladoras de atividades privadas _zBrasil |
||
| 942 |
_2udc _cLV |
||
| 999 |
_c896 _d896 |
||